| 000 | 02968nam a2200313 i 4500 | ||
|---|---|---|---|
| 001 | Rebiun07863188 | ||
| 003 | CO-MdFUSB | ||
| 005 | 20220311172300.0 | ||
| 008 | 031216t20021996mau||||g| |001 ||eng|c | ||
| 020 | _a0391041266 | ||
| 040 |
_aCO-MdFUSB _bspa _cCO-MdFUSB _dCO-MdFUSB _erda |
||
| 041 | _aeng | ||
| 082 |
_224 _a220.83058 _bET84e |
||
| 245 | 0 | 0 |
_aEthnicity and the Bible _c/ editado por Mark G. Brett |
| 264 | 1 |
_aBoston : _bBrill Academic Publishers, _c℗2002 |
|
| 264 | 4 | _c©1996 | |
| 300 |
_aX, 509 páginas _c; 23 cm |
||
| 336 |
_2rdacontent _atexto _btxt |
||
| 337 |
_2rdamedia _asin mediación _bn |
||
| 338 |
_2rdacarrier _avolumen _bnc |
||
| 501 | _aIncluye índices (páginas 493- 509) | ||
| 505 | _aInterpretando etnicidad: método, hermenéutica, ética / Mark G. Brett -- Etnicidad e Israel temprano / Diana Edelman -- La solidaridad humana y la identidad étnica: autodefinición de Israel en el sistema genealógico de Génesis / Frank Crusemann -- El Ger en las leyes sacerdotales del Pentateuco / Rolf Rendtorff -- La ideología de la identidad en Chronicles / Jonathan E. Dyck -- Entre Ezra e Isaías: Exclusión, transformación e inclusión del "extranjero" en la teología bíblica post-exílica / Daniel L. Smith-Christopher -- El horizonte universal del perticularismo bíblico / Jon D. Levenson -- Cristianismo y etnicidad en el Evangelio de Mateo / David Sim -- Ni judío ni griego: multiculturalismo y la nueva perspectiva de Paul / John M.G. Barclay -- Los límites del grupo y el conflicto intergrupal en Gálatas: una nueva lectura de Gálatas 5: 13-6: 10 / Philip F. Esler -- La nación de los extraños: desprecio social y su interpretación teológica en el antiguo judaísmo y el cristianismo temprano / Reinhard Feldmeier -- Prejuicios antisemitas y racistas en Tito 1: 10-16 / Wolfgang Stegemann -- Interpretación bíblica desde la perspectiva de las culturas indígenas de América Latina (mayas, kunas y quechuas) / Pablo Richard -- ¿Dios habla Miskitu? La Biblia y la identidad étnica entre los miskitos de Nicaragua / Susan Hawley -- Etnicidad, identidad y hermenéutica: una perspectiva tribal india / Thanzauva y R.L. Hnuni -- La serpiente arcoiris, la cruz y la máquina de fax: respuestas aborígenes australianas a la Biblia / Lynne Hume -- La lectura como filisteo: la historia antigua y moderna de un insulto cultural / David Jobling y Catherine Rose -- Orientalismo, etnonacionalismo y transnacionalismo: identidades cambiantes e interpretación bíblica / R.S. Sugirtharajah -- Prejuicio cultural en becas bíblicas europeas y norteamericanas / John Riches -- Sobre la interpretación del nuevo testamento y el etnocentrismo / Pieter F. Craffert -- Minorías raciales y étnicas en Estudios Bíblicos / Fernando F. Segovia | ||
| 563 | _aRústico | ||
| 653 | _aGrupos étnicos -- Biblia | ||
| 700 | 1 |
_aBrett, Mark G., _eeditor |
|
| 942 | _cBK | ||
| 945 | _aJTF-925 | ||
| 999 |
_c64549 _d64549 |
||